Modelovanie vývoja zahraničného obchodu v SR prostredníctvom ECM diplomová práca

Na minha lista:
Detalhes bibliográficos
Autor principal: Lopatka, Matúš
Autor Corporativo: Fakulta hospodárskej informatiky EU. Katedra operačného výskumu a ekonometrie
Outros Autores: König, Brian, 1983-
Formato: Livro
Idioma:eslovaco
Publicado em: Bratislava 2015
Tags: Adicionar Tag
Sem tags, seja o primeiro a adicionar uma tag!

MARC

LEADER 00000nbm a2200000 4500
001 0226910
005 20180712093251.2
041 0 |a slo 
044 |a SK 
245 1 0 |a Modelovanie vývoja zahraničného obchodu v SR prostredníctvom ECM  |b diplomová práca  |c Matúš Lopatka ; školiteľ: Brian König 
264 1 |a Bratislava  |c 2015 
300 |a 65 s. 
100 1 |a Lopatka, Matúš 
700 1 |a König, Brian, 1983- 
710 2 |a Fakulta hospodárskej informatiky EU. Katedra operačného výskumu a ekonometrie